Les Grandes dates du Moyen âge /

محفوظ في:

المؤلف الرئيسي: Delorme, Jean, 1914- (مؤلف)

التنسيق: كتاب

اللغة: French

منشور في: Paris : Presses universitaires de France, 1967.

الطبعة: 2e édition revue et augmentée.

سلاسل: Que sais-je? ; 1088.

الموضوعات:

الوسوم: إضافة وسم

لا توجد وسوم, كن أول من يضع وسما على هذه التسجيلة!

رقم الطلب: D101.7 .D4 1967

LEADER 00722nam a2200253I 4500
001 7139
003 OSt
005 20251120124611.0
008 130303s1967 fr 000 0 fre d
010 |a 68071072 
035 |a ocm00912846 
040 |c ARCE Library 
050 4 |a D101.7 .D4 1967 
100 1 |a Delorme, Jean,  |d 1914-,  |e author  |9 28875 
245 1 4 |a Les Grandes dates du Moyen âge /   |c Jean Delorme. 
250 |a 2e édition revue et augmentée. 
264 1 |a Paris :  |b Presses universitaires de France,  |c 1967. 
300 |a 126 pages ;   |c 18 cm. 
490 0 |a Que sais-je? ;   |v 1088. 
650 0 |a Middle Ages  |v Chronology. 
650 0 |a Middle Ages   |x History. 
901 |a reviewed 
942 |c BK  |2 lcc 
999 |c 4990  |d 4990